Tvorba a ochrana životného prostredia

Salvato in:
Dettagli Bibliografici
Autore principale: Vybíralová, Júlia
Ente Autore: Ekonomická univerzita v Bratislave. Fakulta podnikového manažmentu
Altri autori: Füzyová, Ľubica, Polačko, Vladimír
Natura: Libro
Lingua:slovacco
Pubblicazione: Bratislava Vydavateľstvo EKONÓM 2005
Soggetti:
Tags: Aggiungi Tag
Nessun Tag, puoi essere il primo ad aggiungerne!!

MARC

LEADER 00000nam$a2200000$$$4500
001 0038753
005 20240502071501.3
020 |a 80-225-2098-5 
041 0 |a slo 
044 |a SK 
245 1 0 |a Tvorba a ochrana životného prostredia  |c Júlia Vybíralová, Ľuba Füzyová, Vladimír Polačko 
264 1 |a Bratislava  |b Vydavateľstvo EKONÓM  |c 2005 
300 |a 233 s. 
610 2 0 |a prostredie životné 
610 2 0 |a ekológia 
610 2 0 |a odpad 
610 2 0 |a znečistenie prostredia životného 
610 2 0 |a politika environmentálna 
610 2 0 |a poplatky 
610 2 0 |a odvody 
610 2 0 |a zdroje finančné 
610 2 0 |a podnik 
610 2 0 |a opatrenia racionalizačné 
610 2 0 |a emisie 
610 2 0 |a obchod 
610 2 0 |a zdroje prírodné 
610 2 0 |a oceňovanie 
610 2 0 |a ochrana prostredia životného 
610 2 0 |a marketing mix 
610 2 0 |a investície ekologické 
610 2 0 |a Slovensko 
100 1 |a Vybíralová, Júlia 
700 1 |a Füzyová, Ľubica 
700 1 |a Polačko, Vladimír 
710 2 |a Ekonomická univerzita v Bratislave. Fakulta podnikového manažmentu